[Event "Bayern-ch Bank Hofmann 2nd"]
[Site "Bad Wiesse"]
[Date "1998.??.??"]
[Round "5"]
[White "Kountz, Jochen"]
[Black "Epishin, Vladimir"]
[Result "1/2-1/2"]
[WhiteElo "2290"]
[BlackElo "2585"]

1.e4 c5 2.Nf3 e6 3.Nc3 a6 4.d4 cxd4 5.Nxd4 Qc7 6.Be2 Nf6 7.O-O Nc6 8.Kh1 Be7
9.f4 d6 10.Be3 O-O 11.Qe1 d5 12.e5 Ne4 13.Bd3 f5 14.exf6 Bxf6 15.Bxe4 Nxd4
16.Bd3 Bd7 17.Qf2 Nb5 18.Bb6 Qc6 19.Nxb5 axb5 20.c3 Rac8 21.a3 Be8 22.Rae1 Bg6
23.Bxg6 hxg6 24.Bd4 Qd7 25.Qe3 Bxd4 26.Qxd4 Rf6 27.Qe5 Kf7 28.h3 Rc4 29.Rf3 Rf5
30.Qb8 Re4 31.Ref1 Re2 32.R1f2 Rxf2 33.Rxf2 g5 34.g4 Rf6 35.Qe5 gxf4 36.Rxf4 Qd8
37.Kg2 Ke7 38.Kg3 Qb6 39.Rxf6 gxf6 40.Qd4 Qd6+ 41.Kg2 Qc6 42.g5 e5 43.gxf6+ Kxf6
44.Qh4+ Kg6 45.Qg3+ Kf6 46.Qh4+ Kg6 47.Qg3+ Kf6 48.Qh4+  1/2-1/2

[Event "Bayern-ch Bank Hofmann 2nd"]
[Site "Bad Wiesse"]
[Date "1998.??.??"]
[Round "7"]
[White "Radecke, Peter"]
[Black "Glek, Igor V"]
[Result "0-1"]
[WhiteElo "2075"]
[BlackElo "2580"]

1.e4 c5 2.Nf3 e6 3.d4 cxd4 4.Nxd4 a6 5.Nc3 b5 6.Bd3 Qb6 7.Nb3 Qc7 8.O-O Nf6
9.Re1 d6 10.Bf4 Nc6 11.Bxb5 axb5 12.Nxb5 Qb6 13.Nxd6+ Bxd6 14.Bxd6 e5 15.Bc5 Qb7
16.Qd2 Be6 17.c3 Ne7 18.Qd6 Ng6 19.f3 Rd8 20.Na5 Qc8 21.Qxd8+ Qxd8 22.Nb7 Qc7
23.Nd6+ Kf8 24.Bb4 Kg8 25.Red1 h5  0-1

[Event "Bayern-ch Bank Hofmann 2nd"]
[Site "Bad Wiesse"]
[Date "1998.??.??"]
[Round "7"]
[White "Kountz, Jochen"]
[Black "Bischoff, Klaus"]
[Result "0-1"]
[WhiteElo "2290"]
[BlackElo "2550"]

1.e4 c5 2.Nf3 e6 3.d4 cxd4 4.Nxd4 a6 5.Nc3 Qc7 6.Be2 b5 7.O-O Bb7 8.f4 b4
9.Na4 Bxe4 10.Be3 Nf6 11.c3 Nc6 12.Rc1 Qb7 13.Bf3 bxc3 14.Rxc3 Bxf3 15.Qxf3 Nd5
16.Rb3 Nxd4 17.Bxd4 Qc6 18.Nc3 Nb4 19.Qh5 Qc4 20.Bf2 Be7 21.Rd1 Bf6 22.Qc5 Qxc5
23.Bxc5 Nc6 24.Ne4 Be7 25.Nd6+ Bxd6 26.Bxd6 Ne7 27.Rb7 Nd5 28.Rd3 f5 29.Rdb3 Rg8
30.h4 Nf6 31.Rc7 Kf7 32.Be5 Rgc8 33.Rbb7 Rxc7 34.Rxc7 Ke7 35.b4 Nd5 36.Rb7 Rc8
37.Bxg7 Rc2 38.Bd4 Nxf4 39.Bc5+ Ke8 40.Rb8+ Kf7 41.a4 Rxg2+ 42.Kh1 Rb2 43.Rb7 e5
44.Rxd7+ Kg6 45.Re7 Nd3 46.Bd6 e4 47.h5+ Kxh5 48.Rxh7+ Kg6 49.Ra7 e3 50.Rxa6 Kh5
51.Bg3 f4 52.Rd6 Kg4  0-1

[Event "Bad Zwesten op"]
[Site "Bad Zwesten"]
[Date "1998.??.??"]
[Round "4"]
[White "Pfretzschner, Roland"]
[Black "Naiditsch, Arkadij"]
[Result "1-0"]
[WhiteElo "2300"]
[BlackElo "2175"]

1.e4 c5 2.Nf3 e6 3.d4 cxd4 4.Nxd4 a6 5.Nc3 b5 6.g3 Bb7 7.Bg2 Nf6 8.Qe2 b4
9.Na4 Qa5 10.b3 Nc6 11.Bb2 Nxd4 12.Bxd4 Qb5 13.Nb6 Rb8 14.Nc4 d5 15.exd5 Bxd5
16.Bxd5 Nxd5 17.O-O Nf6 18.Rad1 h5 19.Be5 Rc8 20.Rd6 Nd7 21.Bb2 Qb7 22.Rfd1 Rc7
23.Be5 Rh6 24.R6d3 Nxe5 25.Rd8+ Ke7 26.Nxe5 Qb5 27.Qe4 f5 28.Qh4+ Rf6 29.Ng6+ Kf7
30.Nxf8 Qe2 31.R8d2 Qf3 32.Nh7  1-0

[Event "Bad Zwesten op"]
[Site "Bad Zwesten"]
[Date "1998.??.??"]
[Round "7"]
[White "Kersten, Uwe"]
[Black "Chuchelov, Vladimir"]
[Result "0-1"]
[WhiteElo "2330"]
[BlackElo "2540"]

1.e4 c5 2.Nc3 e6 3.Nf3 a6 4.d4 cxd4 5.Nxd4 b5 6.Bd3 Qb6 7.Nb3 Qc7 8.O-O Bb7
9.Be3 Nf6 10.a3 Be7 11.f4 d6 12.Kh1 Nbd7 13.Qe2 O-O 14.Rae1 Rfe8 15.Nd4 Bf8
16.Bf2 g6 17.Bh4 Bg7 18.Ndxb5 axb5 19.Nxb5 Qc6 20.e5 dxe5 21.fxe5 Nxe5  0-1

[Event "Regionalliga NW9899"]
[Site "Bayern"]
[Date "1998.??.??"]
[Round "?"]
[White "Vogt, Thomas"]
[Black "Bachmann, Wolfgang"]
[Result "1-0"]
[WhiteElo "1960"]
[BlackElo "1970"]

1.e4 c5 2.Nf3 e6 3.d4 cxd4 4.Nxd4 a6 5.Nc3 Qc7 6.Bd3 Nc6 7.Be3 Nf6 8.O-O Bd6
9.g3 h5 10.Be2 Bb4 11.Bg5 Nh7 12.Bf4 e5 13.Nd5 Qa5 14.Nb3 Qd8 15.Be3 Kf8
16.Nxb4 Nxb4  1-0

[Event "Regionalliga NO9798"]
[Site "Bayern"]
[Date "1998.??.??"]
[Round "?"]
[White "Fink, Martin"]
[Black "Mueller, Christian2"]
[Result "1/2-1/2"]
[WhiteElo "1910"]
[BlackElo "1930"]

1.e4 c5 2.Nf3 e6 3.Nc3 a6 4.d4 cxd4 5.Nxd4 Qc7 6.Be3 Nf6 7.a3 b6 8.Be2 Bb7
9.Bf3 d6 10.O-O Be7 11.Qe2 Nbd7 12.Rad1 O-O 13.Bf4 Ne5 14.Rfe1 Rfd8 15.Bxe5 dxe5
16.Nb3  1/2-1/2

[Event "Landesliga Nord9798"]
[Site "Bayern"]
[Date "1998.??.??"]
[Round "?"]
[White "Gross, Stefan"]
[Black "Bunk, Karsten"]
[Result "1-0"]
[WhiteElo "2330"]
[BlackElo "2095"]

1.e4 c5 2.Nf3 e6 3.d4 cxd4 4.Nxd4 a6 5.Nc3 Qc7 6.Bd3 Nf6 7.Qe2 d6 8.f4 e5
9.Nf3 Bg4 10.h3 Bxf3 11.Qxf3 Nc6 12.g4 Nd4 13.Qf2 Rc8 14.g5 Nd7 15.O-O Ne6
16.f5 Nd4 17.Nd5 Qd8 18.c3 Nc6 19.Be3 Na5 20.b3 b5 21.Kh2 Nb7 22.b4 h6 23.f6 g6
24.a4 hxg5 25.Bxg5 Ndc5 26.bxc5 Nxc5 27.Bc2 bxa4 28.Qe3 Qa5 29.Rfb1 Rh5 30.h4 a3
31.c4 Ne6 32.Rxa3 Qc5 33.Ba4+ Kd8 34.Rb7 Qxe3 35.Rd7+  1-0

[Event "Regionalliga SW9798"]
[Site "Bayern"]
[Date "1998.??.??"]
[Round "?"]
[White "Englert, Jan"]
[Black "Arnold, Ralf"]
[Result "0-1"]
[WhiteElo "1915"]
[BlackElo "2075"]

1.e4 c5 2.Nf3 e6 3.d4 cxd4 4.Nxd4 a6 5.Nc3 Qc7 6.Be2 b5 7.Bf3 Bb7 8.O-O Nc6
9.Nxc6 Bxc6 10.a3 Ne7 11.g3 Ng6 12.Bg2 Bc5 13.Re1 Ne5 14.Bf4 d6 15.Bxe5 dxe5
16.Qe2 O-O 17.Nd1 Qb7 18.c3 Rad8 19.Kh1 Rd7 20.Qf1 Rfd8 21.Rc1 Rd2 22.Re2 Qd7
23.Ne3 Bxe3 24.fxe3 Qd3 25.Rf2 Qxe3 26.Rxd2 Qxd2 27.Rb1 Qc2 28.Bf3 Rd2 29.Rd1 Qxb2
30.Rxd2 Qxd2 31.c4 Qc3 32.cxb5 Bxb5 33.Qd1 Qxa3 34.Qd8+ Qf8 35.Qc7 f6 36.Bd1 Qe8
37.h3 Qd7 38.Qb8+ Kf7 39.Bf3 Bc6 40.Qb3 a5 41.Qc4 a4 42.Bg4 f5 43.Bxf5 Bb5  0-1

[Event "Oberliga Bayern9798"]
[Site "Bayern"]
[Date "1998.??.??"]
[Round "?"]
[White "Wimmer, Herbert"]
[Black "Linhart, Wolfgang"]
[Result "0-1"]
[WhiteElo "2140"]
[BlackElo "2170"]

1.e4 c5 2.Nf3 e6 3.d4 cxd4 4.Nxd4 a6 5.Nc3 b5 6.Bd3 Qb6 7.Nb3 Qc7 8.O-O d6
9.a4 b4 10.Na2 Nc6 11.Qe2 Nf6 12.Bd2 Rb8 13.Rfe1 Be7 14.Bxa6 Bxa6 15.Qxa6 O-O
16.Qe2 d5 17.f3 Bd6 18.g3 dxe4 19.fxe4 Be5 20.Rab1 Qa7+ 21.Kg2 Qxa4 22.Nac1 Nd4
23.Nxd4 Bxd4 24.Nb3 Rfd8 25.Bg5 Qc6 26.Nxd4 Rxd4 27.Bxf6 gxf6 28.Qg4+ Kf8
29.Re2 Rbd8 30.Qf3 Rd2 31.Rc1 f5 32.Kh3 Rxe2 33.Qxe2 Qxe4 34.Qxe4 fxe4 35.Re1 f5
36.Re2 Kg7 37.Kg2 Kf6 38.Kf2 Ke5 39.Ke1 Rd4 40.Re3 Kd5 41.Re2 Kc4 42.Re3 e5
43.g4 f4 44.Rh3 Rd7 45.Rh5 Kd4 46.Rh6 Ke3  0-1

[Event "Landesliga Nord9798"]
[Site "Bayern"]
[Date "1998.??.??"]
[Round "?"]
[White "Meier, Gerd"]
[Black "Rohrbach, Frank"]
[Result "0-1"]
[WhiteElo "1895"]
[BlackElo "2030"]

1.e4 c5 2.Nf3 e6 3.d4 cxd4 4.Nxd4 a6 5.Nc3 b5 6.a3 Bb7 7.Bd3 d6 8.Be3 Nf6
9.O-O Nbd7 10.f4 Rc8 11.g4 Rxc3 12.bxc3 Nxe4 13.g5 Qc7 14.Qh5 g6 15.Qg4 Ndc5
16.Rae1 Bg7 17.h4 h5 18.Qh3 O-O 19.c4 bxc4 20.Bxc4 Re8 21.Bb3 Qa5 22.f5 exf5
23.Nxf5 gxf5 24.Qxf5 Rf8 25.g6 Nxb3 26.gxf7+ Kh8 27.Qxa5 Nxa5 28.Rf5 Be5
29.Rxh5+ Kg7 30.Bh6+ Kxf7 31.Bxf8 Kxf8 32.Rf5+ Ke7 33.Ref1 Bd5 34.Rf8 Nc4
35.Rc8 Ne3 36.Rff8 Ng4 37.Rce8+ Kd7 38.Rd8+ Kc7 39.Rc8+ Kb7 40.Rce8 Bd4+  0-1

[Event "Landesliga Nord9798"]
[Site "Bayern"]
[Date "1998.??.??"]
[Round "?"]
[White "Jirovsky, Petr"]
[Black "Bunk, Karsten"]
[Result "0-1"]
[WhiteElo "2260"]
[BlackElo "2085"]

1.e4 c5 2.Nf3 e6 3.d4 cxd4 4.Nxd4 a6 5.Nc3 Qc7 6.Bd3 Nc6 7.Be3 Nf6 8.O-O Bd6
9.Nxc6 dxc6 10.f4 e5 11.f5 b5 12.a4 b4 13.Nb1 c5 14.Nd2 Bb7 15.Qf3 Rd8 16.Rae1 O-O
17.g4 c4 18.Bxc4 Bc5 19.Bd3 h6 20.h3 Rd7 21.Qf2 Bd4 22.Bxd4 Rxd4 23.Nb3 Nxe4
24.Bxe4 Rxe4 25.Rxe4 Bxe4 26.Nc5 Ba8 27.Re1 Rc8 28.Nd3 Qb7 29.Kh2 e4 30.Nf4 Qc6
31.Re2 Qxa4 32.f6 g5 33.Nh5 Qc6 34.Ng3 Qd6 35.Rd2 Qf4 36.Qxf4 gxf4 37.Nf5 e3
38.Re2 Bf3  0-1

[Event "Landesliga Nord9798"]
[Site "Bayern"]
[Date "1998.??.??"]
[Round "?"]
[White "Schleupner, Kurt"]
[Black "Pasedag, Peter"]
[Result "0-1"]
[WhiteElo "1960"]
[BlackElo "2170"]

1.e4 c5 2.Nf3 e6 3.d4 cxd4 4.Nxd4 a6 5.Nc3 Qc7 6.Bd3 Nc6 7.Be3 Nf6 8.Qe2 Ne5
9.h3 b5 10.f4 Nc4 11.Bxc4 bxc4 12.e5 Ng8 13.O-O Bb7 14.Kh1 Ne7 15.Rad1 Nd5
16.Nxd5 Bxd5 17.Qf2 Qb7 18.c3 g6 19.b4 Be7 20.Nf3 Rc8 21.Kh2 O-O 22.Nd4 f6
23.Qg3 Kh8 24.Nf3 Be4 25.Bd4 f5 26.Ng5 Bd3 27.Rfe1 Kg7 28.Nf3 Rg8 29.Qf2 Be4
30.Nd2 Bc2 31.Rc1 Bd3 32.Nf3 h6 33.Be3 Kf7 34.g4 Rcf8 35.gxf5 Bxf5 36.Nd4 Be4
37.Qg3 Ke8 38.Rg1 g5 39.Qg4 gxf4 40.Qh5+ Kd8 41.Nxe6+ dxe6  0-1

[Event "Regionalliga NW9899"]
[Site "Bayern"]
[Date "1998.??.??"]
[Round "?"]
[White "Trost, Hajo"]
[Black "Bachmann, Wolfgang"]
[Result "1-0"]
[WhiteElo "1945"]
[BlackElo "1975"]

1.e4 c5 2.Nf3 e6 3.d4 cxd4 4.Nxd4 a6 5.Nc3 Qc7 6.Be3 Nc6 7.Qd2 Nf6 8.f3 b5
9.O-O-O Bb7 10.g4 d6 11.g5 Nd7 12.Kb1 Be7 13.Nce2 Nde5 14.Ng3 Rc8 15.Be2 O-O
16.Rhg1 Rfd8 17.f4 Nc4 18.Bxc4 Nxd4 19.Bxd4 Qxc4 20.f5 e5 21.Bb6 Rd7 22.f6 Bf8
23.b3 Qe6 24.fxg7 Bxg7 25.Qf2 Qg6 26.Rde1 d5 27.exd5 Rxd5 28.Nf5 Rd7 29.h4 e4
30.Rd1 Rxd1+ 31.Rxd1 Qe6 32.Rd6 Qe8 33.Nxg7 Kxg7 34.Qf6+ Kf8 35.Be3 Rc6 36.g6  1-0

[Event "Bechhofen opJ "]
[Site "Bechhofen"]
[Date "1998.??.??"]
[Round "?"]
[White "Petrasch, Klaus"]
[Black "Kustar, Sandor"]
[Result "0-1"]
[WhiteElo "2155"]
[BlackElo "2405"]

1.e4 c5 2.Nf3 e6 3.d4 cxd4 4.Nxd4 a6 5.Nc3 Qc7 6.Be2 Bb4 7.Bd2 Nf6 8.Bf3 d6
9.O-O Nbd7 10.Nd5 Nxd5 11.exd5 Bxd2 12.dxe6 Bf4 13.exf7+ Ke7 14.Nf5+ Kf8
15.Re1 Nf6 16.Ne7 Be5 17.Nd5 Qd8 18.Qd2 Kxf7 19.Qb4 Re8 20.Nxf6 Qxf6 21.Bxb7 Bxb7
22.Qxb7+ Kg8 23.c3 Rab8 24.Qc6 Qf7 25.g3 Rxb2 26.f4 Rf8 27.Qxa6 Bxc3 28.Red1 Rb4
29.Rac1 Bd4+ 30.Kf1 Qd5  0-1

[Event "Bechhofen opJ "]
[Site "Bechhofen"]
[Date "1998.??.??"]
[Round "?"]
[White "Teslia, Vladimir"]
[Black "Kustar, Sandor"]
[Result "0-1"]
[WhiteElo "2270"]
[BlackElo "2405"]

1.e4 c5 2.Nf3 e6 3.d4 cxd4 4.Nxd4 a6 5.Nc3 Qc7 6.g3 Nf6 7.Bg2 d6 8.O-O Bd7
9.Re1 Nc6 10.Nxc6 bxc6 11.Na4 Rb8 12.c4 c5 13.Nc3 Be7 14.Bf4 O-O 15.e5 Ne8
16.b3 dxe5 17.Bxe5 Bd6 18.Qe2 f6 19.Bxd6 Nxd6 20.Bh3 Rfe8 21.Rad1 Rbd8 22.Qd2 Bc8
23.Qe3 Nb7 24.Nd5 Qc6 25.Bg2 exd5 26.Bxd5+ Qxd5 27.cxd5 Rxe3 28.Rxe3 Kf7
29.Rde1 Rxd5 30.Re7+ Kg6 31.Rc7 Nd6 32.Rc1 Rd2 33.R7xc5 Bf5 34.Rc6 a5 35.f3 Nb5
36.a4 Nd4 37.Rf1  0-1

[Event "Bechhofen opJ "]
[Site "Bechhofen"]
[Date "1998.??.??"]
[Round "?"]
[White "Zwanzger, Johannes"]
[Black "Podzielny, Karl Heinz"]
[Result "0-1"]
[WhiteElo "2235"]
[BlackElo "2495"]

1.e4 c5 2.Nf3 e6 3.d4 cxd4 4.Nxd4 a6 5.Nc3 Qc7 6.Be2 Nf6 7.O-O d6 8.f4 b5
9.Bf3 Bb7 10.Qe2 h5 11.Kh1 Nbd7 12.a3 Be7 13.Be3 Rc8 14.Nb3 Qb8 15.Bg1 Ba8
16.Rad1 Ng4 17.Rfe1 Ndf6 18.Qd3 Rd8 19.a4 b4 20.Na2 Qc8 21.c4 g5 22.fxg5 Ne5
23.Qd4 Nfg4 24.Nxb4 Bxg5 25.c5 Bf6 26.Bxg4 hxg4 27.cxd6 O-O 28.Qf2 Bg7 29.Nd3 Ng6
30.Nf4 Nxf4 31.Qxf4 e5 32.Qd2 f5 33.exf5 Qxf5 34.d7 Rxd7 35.Qe3 Bh6 36.Qe2 Rh7
37.Qc4+ Kh8 38.Re2 Bf4  0-1

[Event "Berliner Sommer 16th"]
[Site "Berlin"]
[Date "1998.??.??"]
[Round "5"]
[White "Erneste, Inguna"]
[Black "Urday, Henry"]
[Result "0-1"]
[WhiteElo "2295"]
[BlackElo "2475"]

1.e4 c5 2.Nf3 e6 3.d4 cxd4 4.Nxd4 a6 5.Nc3 Qc7 6.Bd3 Nf6 7.O-O d6 8.a4 b6
9.Kh1 Nbd7 10.f4 Bb7 11.Qe2 Be7 12.Bd2 Nc5 13.Rae1 Qd7 14.b3 O-O 15.Rf3 Rfc8
16.Rh3 g6 17.f5 Bf8 18.Rf1 Bg7 19.Nf3 exf5 20.exf5 Re8 21.Qd1 Nxd3 22.cxd3 Qxf5
23.Ng5 Qd7 24.Nce4 Bxe4 25.dxe4 h6 26.Bc3 Nxe4 27.Nxe4 Rxe4 28.Bxg7 Kxg7
29.Qd2 g5 30.Qc3+ Re5 31.Qf3 Rh8 32.Qf6+ Kg8 33.Rc3 Rh7 34.Rfc1 Rg7 35.Qxh6 Rc5
36.Rxc5 bxc5 37.Rd1 Rg6 38.Qh5 Qf5 39.Re1 Re6 40.Rg1 Kg7 41.Qd1 d5 42.Rf1 Qe5
43.h3 d4 44.Qg4 f6 45.Rf5 Qd6 46.Rf1 d3 47.h4 Re5 48.hxg5 Rxg5 49.Qf3 d2
50.a5 Kh6 51.Rd1 Qe5 52.Kg1 Rf5 53.Qh3+ Rh5 54.Qf3 Qe1+ 55.Qf1 Qe3+  0-1

[Event "Berliner Sommer 16th"]
[Site "Berlin"]
[Date "1998.??.??"]
[Round "8"]
[White "Thinius, Marco"]
[Black "Vasquez, Rodrigo"]
[Result "0-1"]
[WhiteElo "2335"]
[BlackElo "2445"]

1.e4 c5 2.Nf3 e6 3.Nc3 a6 4.d4 cxd4 5.Nxd4 Qc7 6.Bd3 Nf6 7.Be3 b5 8.Nb3 Bb7
9.a3 d6 10.O-O Nbd7 11.Qe2 d5 12.exd5 Nxd5 13.Nxd5 Bxd5 14.Nd4 Bd6 15.Qh5 g6
16.Qh4 O-O 17.Rad1 Qb7 18.Qh3 Rfe8 19.Bh6 Ne5 20.Be2 Nc4 21.Bc1 Rac8 22.Nf3 Bf8
23.Rd4 e5 24.Ng5 h6 25.Rh4 Bxg2 26.Qxg2 Qxg2+ 27.Kxg2 hxg5 28.Rg4 Nxb2 29.Bxb2 Rxc2
30.Bxb5 axb5 31.Bc1 Rc4 32.Rg3 f6 33.Rb3 b4 34.axb4 Rxb4 35.Rc3 Rb1 36.Rc7 Rd8
37.Re1 Ba3  0-1

[Event "Besancon op"]
[Site "Besancon"]
[Date "1998.??.??"]
[Round "?"]
[White "Gandillet, A."]
[Black "Todorov, Ognjan"]
[Result "0-1"]
[WhiteElo "1860"]
[BlackElo "2335"]

1.e4 c5 2.Nf3 e6 3.d4 cxd4 4.Nxd4 a6 5.Nc3 b5 6.a3 Bb7 7.Bd3 Qb6 8.Nb3 Qc7
9.O-O Nf6 10.Bg5 Be7 11.f4 d6 12.Qe2 h6 13.Bh4 Nxe4 14.Bxe7 Nxc3 15.Qg4 Kxe7
16.Qxg7 Nd7 17.Qxc3 Qxc3 18.bxc3 Rhg8 19.g3 Nb6 20.Nd2 Rac8 21.Rab1 Bd5 22.f5 e5
23.f6+ Kd7 24.Ne4 Be6 25.Rfd1 d5 26.Nf2 Rxc3 27.Rb3 Rgc8 28.Rb4 Rxa3 29.Ng4 e4  0-1

[Event "Besancon op"]
[Site "Besancon"]
[Date "1998.??.??"]
[Round "?"]
[White "Todorov, Ognjan"]
[Black "Velikov, Petar"]
[Result "0-1"]
[WhiteElo "2345"]
[BlackElo "2500"]

1.Nf3 c5 2.e4 e6 3.d4 cxd4 4.Nxd4 a6 5.Nc3 b5 6.Bd3 Qb6 7.Nb3 Qc7 8.O-O Bb7
9.a3 Nf6 10.f4 d6 11.Qe2 Nbd7 12.Bd2 Be7 13.Rae1 O-O 14.Kh1 e5 15.f5 Rfe8
16.Qf3 Rac8 17.Qh3 Nb6 18.Bc1 d5 19.Nd2 Rcd8 20.Re2 b4 21.axb4 Bxb4 22.Nxd5 Nbxd5
23.exd5 Bxd5 24.Bxa6 Qc6 25.Bd3 e4  0-1

[Event "Biel op"]
[Site "Biel"]
[Date "1998.??.??"]
[Round "1"]
[White "Barthel, Ansgar"]
[Black "Gheorghiu, Florin"]
[Result "1/2-1/2"]
[WhiteElo "2185"]
[BlackElo "2455"]

1.e4 c5 2.Nf3 e6 3.d4 cxd4 4.Nxd4 a6 5.Nc3 Qc7 6.g3 Bb4 7.Ne2 Be7 8.Bg2 Nf6
9.O-O Nc6 10.a4 O-O 11.h3 Rb8 12.g4 b5 13.axb5 axb5 14.g5 Ne8 15.Ng3 f6 16.gxf6 Nxf6
17.Nce2 b4 18.Be3 Bb7 19.Qd2 Rbc8 20.Rfc1 d5 21.exd5 Nxd5 22.Bg5 Ne5 23.Bxe7 Qxe7
24.f4 Nc4 25.Qd4 Nde3 26.Bxb7 Qxb7 27.Qe4 Qb6 28.Qd4 Qxd4 29.Nxd4 Rxf4 30.Nxe6 Rf6
31.Nd4 Nxb2 32.Rab1 Rc4 33.Rxb2 Rxd4 34.c3 bxc3 35.Rxc3 Rd1+ 36.Kh2 Nd5 37.Rcc2 h6
38.Rd2 Rxd2+ 39.Rxd2 Ne3 40.Re2 Rf3 41.Ne4 Nd5 42.Rf2 Re3 43.Ng3 Rd3 44.Nh5 Rd4
45.Rg2 g5 46.Rg4 Rxg4 47.hxg4 Kf7 48.Kg3 Ke6 49.Kf3 Ke5 50.Ng3 Nf6 51.Nf1 Ne4
52.Ne3 Nd6 53.Nc2 Nc4 54.Ne3 Nd2+ 55.Kg3 Ne4+ 56.Kf3 Nd6 57.Nc2 Nb5 58.Ke3 Nc3
59.Kf3 Nd5 60.Ne3 Ne7 61.Nc2 Nc6 62.Ke3 Kd5 63.Kf2 Ke4 64.Kg3 Kd3 65.Ne1+ Kd2
66.Nf3+ Ke3 67.Ne1 Nd4 68.Ng2+ Ke4 69.Nh4 Ne2+ 70.Kf2 Nd4 71.Kg3 Ke5 72.Ng2 Kd5
73.Ne3+ Ke4 74.Nc4 Ne2+ 75.Kf2 Nd4  1/2-1/2

[Event "Biel op"]
[Site "Biel"]
[Date "1998.??.??"]
[Round "8"]
[White "Astengo, Corrado"]
[Black "Niklasch, Oliver"]
[Result "0-1"]
[WhiteElo "2180"]
[BlackElo "2345"]

1.e4 c5 2.Nf3 e6 3.d4 cxd4 4.Nxd4 a6 5.Nc3 Nc6 6.Be3 Nge7 7.f4 Nxd4 8.Qxd4 b5
9.Be2 Nc6 10.Qd2 Be7 11.O-O O-O 12.Rad1 Qc7 13.Nd5 exd5 14.exd5 Bf6 15.dxc6 dxc6
16.Bc5 Rd8 17.Qe3 Be6 18.Bb6 Rxd1 19.Bxc7 Bd4 20.Rxd1 Bxe3+ 21.Kf1 h6 22.g3 Rc8
23.Ba5 g5 24.fxg5 hxg5 25.a3 Bd5 26.Bd2 Bd4 27.c3 Bf6 28.Bg4 Rd8 29.Kf2 Bb3  0-1

[Event "Bischwiller"]
[Site "Bischwiller"]
[Date "1998.??.??"]
[Round "5"]
[White "Herb, Pascal"]
[Black "Ivanov, Mikhail M"]
[Result "1/2-1/2"]
[WhiteElo "2345"]
[BlackElo "2440"]

1.e4 c5 2.Nf3 e6 3.d4 cxd4 4.Nxd4 a6 5.Nc3 Qc7 6.g3 Nf6 7.Bg2 Be7 8.O-O O-O
9.Re1 d6 10.Qe2 Nfd7 11.Be3 Nc6 12.Rad1 Nce5 13.f4 Nc4 14.Bc1 b5 15.b3 Ncb6
16.Bb2 b4 17.Nb1 Bb7 18.c4 bxc3 19.Nxc3  1/2-1/2

[Event "Bled op"]
[Site "Bled"]
[Date "1998.??.??"]
[Round "4"]
[White "Kolar, Srecko"]
[Black "Brumen, Dinko"]
[Result "0-1"]
[WhiteElo "2155"]
[BlackElo "2385"]

1.e4 c5 2.Nf3 e6 3.Nc3 a6 4.d4 cxd4 5.Nxd4 b5 6.Bd3 Qb6 7.Nb3 Qc7 8.O-O Bb7
9.f4 d6 10.Nd4 Nf6 11.a3 Be7 12.Qe1 Nbd7 13.Kh1 Nc5 14.Bd2 O-O 15.Nf3 d5
16.exd5 exd5 17.Ne2 Nfe4 18.Ba5 Qb8 19.Nfd4 Bf6 20.Bxe4 dxe4 21.Bb4 Rc8 22.Rd1 Na4
23.Rb1 Nb6 24.Qg3 Nd5 25.Bd2 Qc7 26.c3 Re8 27.Be3 Rad8 28.Rbd1 Bc8 29.Qf2 Bh4
30.Ng3 Nf6 31.Qe1 Nh5 32.Nde2 Bg4 33.Rxd8 Rxd8 34.Qc1 Qc4 35.Re1 Bxe2 36.Nxe2 Bxe1
37.Qxe1 Qd3 38.Bd4 e3 39.Kg1 Re8  0-1

[Event "Bodensee Cup 4th"]
[Site "Bodensee"]
[Date "1998.??.??"]
[Round "3"]
[White "Maier, Christian"]
[Black "Kaenel, Hansjuerg"]
[Result "1-0"]
[WhiteElo "2405"]
[BlackElo "2345"]

1.e4 c5 2.Nf3 e6 3.Nc3 a6 4.d4 cxd4 5.Nxd4 Qc7 6.g3 b5 7.Bg2 Bb7 8.O-O b4
9.Nce2 Nf6 10.f3 d5 11.exd5 Nxd5 12.c4 Qxc4 13.Bg5 Qc7 14.Rc1 Qb6 15.Qa4+ Nd7
16.Kh1 h6 17.Bf4 Bd6 18.Bh3 Bxf4 19.gxf4 Rd8 20.f5 O-O 21.fxe6 Nc5 22.exf7+ Rxf7
23.Qc2 Rc7 24.Qd2 Re8 25.Nf5 Kh8 26.Ned4 Ne6 27.Rxc7 Ndxc7 28.Nxe6 Nxe6 29.Nxh6 Rd8
30.Nf7+ Kg8 31.Nxd8 Nxd8 32.Qd7 Qf6 33.Qe8+ Kh7 34.Qh5+ Kg8 35.Bf5 Nf7 36.Re1 Kf8
37.Bg4 g6 38.Qc5+ Kg7 39.Qxb4 Bxf3+ 40.Bxf3 Qxf3+ 41.Kg1 Qd5 42.Qc3+ Kh7
43.Qf6 Qxa2 44.Re6 Qb1+ 45.Qf1 Qxf1+ 46.Kxf1 a5 47.Ra6 Ne5 48.Rxa5  1-0

[Event "NLD-chT sf"]
[Site "Breda"]
[Date "1998.??.??"]
[Round "?"]
[White "Van der Wiel, John TH"]
[Black "Donk, Merlijn Silvester"]
[Result "1-0"]
[WhiteElo "2525"]
[BlackElo "2345"]

1.e4 c5 2.Nf3 e6 3.d4 cxd4 4.Nxd4 a6 5.Nc3 Qc7 6.Be2 Nf6 7.O-O Nc6 8.Kh1 Be7
9.f4 d6 10.a4 O-O 11.Be3 Bd7 12.Nb3 b6 13.Qe1 Nb4 14.Qf2 b5 15.axb5 axb5
16.Nd4 e5 17.Rxa8 Rxa8 18.fxe5 dxe5 19.Ndxb5 Qb7 20.Bc5 Bxc5 21.Qxc5 Nxc2
22.Qxe5 Ne3 23.Rb1 Neg4 24.Qc7 Rb8 25.Qf4 Nh5 26.Qd6 Nhf6 27.Qf4 Nh5 28.Qf3 Nhf6
29.h3 Qb6 30.hxg4 Bxg4 31.Qd3 Rd8 32.Nd5 Nxd5 33.exd5 Qh6+ 34.Kg1 Qb6+ 35.Qd4 Qg6
36.Bd3 Qg5 37.Nc3 Bf3 38.Bf1 h5 39.Re1 h4 40.Re5  1-0

[Event "Wch-09 blind "]
[Site "Brno"]
[Date "1998.??.??"]
[Round "2"]
[White "Zsiltzova Lisenko, Lubov"]
[Black "Draganov, Ruslan"]
[Result "1/2-1/2"]
[WhiteElo "2235"]
[BlackElo "2225"]

1.e4 c5 2.Nf3 e6 3.d4 cxd4 4.Nxd4 a6 5.Nc3 b5 6.f4 Bb7 7.Qf3 Qb6 8.Nb3 Nf6
9.Bd3 Nc6 10.Be3 Qc7 11.g4 b4 12.Na4 d5 13.exd5 Nd4 14.Bxd4 Bxd5 15.Qf1 Qc6
16.Rg1 Qxa4 17.g5 Nd7 18.Qe2 Qc6 19.f5 Nc5 20.Nxc5 Bxc5 21.Qe3 Rc8 22.O-O-O Bxa2
23.fxe6 Bxe6 24.Bxc5 Qxc5 25.Qe4 a5 26.h4 a4 27.g6 hxg6 28.Rxg6 Qe7 29.Rxg7 a3
30.bxa3 b3 31.Qa4+ Kf8 32.Rdg1 bxc2 33.Bh7 Qc5 34.R1g3 Qe5 35.Qb4+ Rc5 36.Rg8+ Rxg8
37.Rxg8+ Ke7 38.Bxc2 Kf6 39.Rg5 Qe3+ 40.Kb2 Rc4 41.Qa5 Qd4+ 42.Kb1 Rc6 43.a4 Rc3
44.Rg2 Rc5 45.Qd2 Qc4 46.Qd8+ Ke5 47.Qb8+ Kf6 48.Qd8+ Ke5 49.Qg5+ Kd6 50.Qd8+  1/2-1/2

[Event "Budapest Nyar-B"]
[Site "Budapest"]
[Date "1998.??.??"]
[Round "1"]
[White "Tatai, Stefano"]
[Black "Gross, Stefan"]
[Result "1/2-1/2"]
[WhiteElo "2385"]
[BlackElo "2330"]

1.e4 c5 2.Nf3 e6 3.d4 cxd4 4.Nxd4 a6 5.Nc3 Qc7 6.g3 Bb4 7.Bd2 Nf6 8.Bg2 Be7
9.O-O Nc6 10.Be3 O-O 11.h3 d6 12.Kh2 Bd7 13.a4 Rab8 14.f4 Rfe8 15.Qd2 Na5
16.Qf2 Nc4 17.Bc1 b5 18.axb5 axb5 19.b3 b4 20.bxc4 bxc3 21.e5 dxe5 22.fxe5 Qxe5
23.Bf4 Qh5 24.Bf3 Qc5 25.Bxb8 Rxb8 26.Nc6 Bxc6 27.Qxc5 Bxc5 28.Bxc6 Kf8 29.Ra8 Rxa8
30.Bxa8 Ke7 31.Bc6 Kd6 32.Bb5 Kc7 33.g4 h6 34.Kg2 e5 35.Kf3 Bd4 36.Ra1 e4+
37.Kf4 Kd6 38.Ra6+ Kc5 39.Rc6+ Kb4 40.Rc7 g5+ 41.Kf5 e3 42.Bc6 Ne4 43.Bxe4  1/2-1/2

[Event "Magistral Int"]
[Site "Buenos Aires"]
[Date "1998.??.??"]
[Round "?"]
[White "Pierrot, Facundo"]
[Black "Fiorito, Fabian"]
[Result "0-1"]
[WhiteElo "2420"]
[BlackElo "2455"]

1.e4 c5 2.Nf3 e6 3.d4 cxd4 4.Nxd4 a6 5.Nc3 Qc7 6.Be3 Bb4 7.Qd3 Nf6 8.Rd1 Nc6
9.Nxc6 bxc6 10.Be2 a5 11.f3 d5 12.exd5 exd5 13.O-O Bd6 14.f4 O-O 15.Qd2 Re8
16.Bd4 Ne4 17.Nxe4 Rxe4 18.g3 Qe7 19.Rf2 c5 20.Bc3 d4 21.Bxa5 Re3 22.Bf3 Bb7
23.Bxb7 Qxb7 24.b4 h5 25.Rb1 Rxa5  0-1

[Event "Golden Cleopatra"]
[Site "Cairo"]
[Date "1998.??.??"]
[Round "4"]
[White "Sax, Gyula"]
[Black "Afifi, Assem"]
[Result "1/2-1/2"]
[WhiteElo "2535"]
[BlackElo "2345"]

1.e4 c5 2.Nf3 e6 3.d4 cxd4 4.Nxd4 a6 5.Nc3 Qc7 6.Bd3 b5 7.f4 Bb7 8.Qe2 Nc6
9.Nb3 d6 10.Be3 Nf6 11.a4 b4 12.Nd1 Na5 13.Nf2 d5 14.e5 Nd7 15.O-O Nc4 16.Bd4 g6
17.Ng4 a5 18.c3 bxc3 19.bxc3 h5 20.Nf2 Bg7 21.Ne4 dxe4 22.Bxc4 O-O 23.Bb5 Rfd8
24.Bxd7 Rxd7 25.Nc5 Rdd8 26.Nxb7 Qxb7 27.Rfb1 Qc8 28.Rb5 Bf8 29.Qxe4 Qc4
30.Kf2 Bb4 31.cxb4 Qxd4+ 32.Qxd4 Rxd4 33.Rxa5 Rb8 34.b5 Rxf4+ 35.Ke3 Rb4
36.Rd1 Rc8 37.Ra7 Rc5 38.Rd8+ Kg7 39.Rdd7 Rxe5+ 40.Kd3 Rf5 41.Kc3 Rb1 42.Rab7 h4
43.b6 g5 44.Rb8 Rc5+ 45.Kd2 Ra5 46.Kc2 Rb4 47.Kc3 Rbxa4 48.b7 Rb5 49.Rc8 Rab4
50.Rcc7 Rb3+  1/2-1/2

[Event "Cappelle op"]
[Site "Cappelle la Grande"]
[Date "1998.??.??"]
[Round "2"]
[White "Galego, Luis"]
[Black "Spraggett, Kevin"]
[Result "1/2-1/2"]
[WhiteElo "2445"]
[BlackElo "2565"]

1.e4 c5 2.Nf3 e6 3.Nc3 a6 4.d4 cxd4 5.Nxd4 Qc7 6.Be2 Nf6 7.O-O Be7 8.a4 Nc6
9.Nb3 b6 10.f4 d6 11.f5 O-O 12.g4 h6 13.Bf4 Ne5 14.Rf2 Bb7 15.Bd3 g5 16.fxg6 fxg6
17.h3 g5 18.Bg3 Nxd3 19.cxd3 e5 20.Rc1 Qd7  1/2-1/2